000 00552nam a22001937a 4500
005 20251108170501.0
008 250721s9999 xx 000 0 ara d
082 1 4 _aط/ق/محم
100 1 _aكعوش، محمد
245 1 0 _aعودة المنتصر /
264 1 _aالكويت :
_bمطابع اليقظة،
_c[19-].
300 _a25ص : مص
490 0 _aيوميات الشاطر حسن ؛ 2
650 1 7 _aأدب الأطفال
650 1 7 _aالقصص العربية
650 1 7 _aالروايات
942 _2ddc
_cBK
999 _c41593
_d41593